00481 a2200109 4500001001000000005001700010008004100027245011700068100004900185773012000234999001700354ART_2345120260410161918.0260409a 10aRescatando algunos análisis sobre los abordajes alternativos a la corriente principal del pensamiento contable1 aRodríguez de Ramírez, María del Carmen0 tDocumentos de trabajo de contabilidad, auditoría y responsabilidad socialg- Año 3, Nº 5 (jun. 2013)wREV14385 c27455d27455